| 000 | 00494nam a22001577a 4500 | ||
|---|---|---|---|
| 005 | 20251108130545.0 | ||
| 008 | 251108b |||||||| |||| 00| 0 eng d | ||
| 020 | _a9780130310958 | ||
| 050 |
_aTL210 _b.H288 |
||
| 100 | _aHalderman, James D. | ||
| 245 |
_aAdvanced Engine Performance (L1) _cJames D. Halderman & Chase D. Mitchell Jr. |
||
| 260 |
_aUpper Saddle River, New Jersey _bPrentice Hall _c2004 |
||
| 300 |
_aiv. 140p. _bill. _c28cm |
||
| 700 | _aMitchell, Chase D. | ||
| 942 |
_2lcc _cBK _n0 |
||
| 999 |
_c8156 _d8156 |
||